|
|
|
|
| LEADER |
00000nam2a2200000 4500 |
| 001 |
73527 |
| 005 |
20231031084439.0 |
| 010 |
|
|
|a 5279011711
|
| 035 |
|
|
|a (RuTPU)RU\TPU\book\78455
|
| 090 |
|
|
|a 73527
|
| 100 |
|
|
|a 20050217d1994 km y0rusy50 ca
|
| 101 |
0 |
|
|a rus
|
| 102 |
|
|
|a RU
|
| 105 |
|
|
|a a z 001zy
|
| 200 |
0 |
|
|a Кн. 1: Принципы построения, архитектура, коммуникационные средства
|
| 210 |
|
|
|d 1994
|
| 215 |
|
|
|a 207 с.
|c ил.
|
| 320 |
|
|
|a Библиогр.: с. 201
|
| 320 |
|
|
|a Предметный указатель: с. 202-204
|
| 461 |
|
1 |
|0 (RuTPU)RU\TPU\book\78454
|t Локальные вычислительные сети
|o справочник: в 3 кн.
|f Под ред. С. В. Назарова
|v Кн. 1: Принципы построения, архитектура, коммуникационные средства
|d 1994-
|
| 610 |
1 |
|
|a вычислительные сети
|
| 610 |
1 |
|
|a построение
|
| 610 |
1 |
|
|a архитектура
|
| 610 |
1 |
|
|a коммуникационные средства
|
| 610 |
1 |
|
|a передача данных
|
| 610 |
1 |
|
|a справочники
|
| 675 |
|
|
|a 681.324(035)
|v 3
|
| 801 |
|
1 |
|a RU
|b 63413507
|c 20050217
|g PSBO
|
| 801 |
|
2 |
|a RU
|b 63413507
|c 20081018
|g PSBO
|
| 942 |
|
|
|c BK
|